| 000 -LEADER |
| fixed length control field |
00776nam a22001817a 4500 |
| 005 - DATE AND TIME OF LATEST TRANSACTION |
| control field |
20231229161906.0 |
| 008 - FIXED-LENGTH DATA ELEMENTS--GENERAL INFORMATION |
| fixed length control field |
231229s1996 ru ||||| |||| 00| 0 rus d |
| 020 ## - INTERNATIONAL STANDARD BOOK NUMBER |
| International Standard Book Number |
5035861699 |
| 041 ## - LANGUAGE CODE |
| Language code of text/sound track or separate title |
rus |
| 080 ## - UNIVERSAL DECIMAL CLASSIFICATION NUMBER |
| Universal Decimal Classification number |
737.1+737.2+727.3 M-77 |
| 245 ## - TITLE STATEMENT |
| Title |
Монеты, медали, жетоны : |
| Remainder of title |
Сборник статей / |
| Statement of responsibility, etc. |
Под. ред. А.С. Мельниковой и В.М. Потина. |
| 264 ## - PRODUCTION, PUBLICATION, DISTRIBUTION, MANUFACTURE, AND COPYRIGHT NOTICE |
| Place of production, publication, distribution, manufacture |
Москва : |
| Name of producer, publisher, distributor, manufacturer |
Археологичкий центр, |
| Date of production, publication, distribution, manufacture, or copyright notice |
1996. |
| 300 ## - PHYSICAL DESCRIPTION |
| Extent |
309 с.: |
| Other physical details |
22 см. |
| 653 ## - INDEX TERM--UNCONTROLLED |
| keyword |
მონეტები, მედლები, ნიშნები |
| 700 ## - ADDED ENTRY--PERSONAL NAME |
| Personal name |
Мельниковa, А.С. |
| Relator term |
რედაქტორი |
| 9 (RLIN) |
20938 |
| 700 ## - ADDED ENTRY--PERSONAL NAME |
| Personal name |
Потина, В.М. |
| Relator term |
რედაქტორი |
| 9 (RLIN) |
20939 |
| 942 ## - ADDED ENTRY ELEMENTS (KOHA) |
| Source of classification or shelving scheme |
|
| Koha item type |
წიგნი |